Spotify Billions Club - Sudden Death - Statistics

General Stats
  • This quiz has been taken 77 times
  • The average score is 7 of 19
Answers on the Grid
Answers color-coded by a green-red scale on the quiz's grid according to % correct below.
Frank Sinatra
John Lennon
The Cure
Madonna
The Who
Stevie Wonder
Aretha Franklin
Bob Dylan
Prince
Ella Fitzgerald
Kelly Clarkson
Janet Jackson
Arijit Singh
Bee Gees
Demi Lovato
Justin Bieber
Katy Perry
Post Malone
TLC
Avicii
Backstreet Boys
Amy Winehouse
One Direction
KISS
Arctic Monkeys
Taylor Swift
Bob Marley
Elton John
Whitney Houston
The Beatles
Billie Eilish
Kendrick Lamar
 
Answer Stats
Answer % Correct
Billie Eilish
64%
Justin Bieber
60%
Taylor Swift
60%
Post Malone
57%
Kendrick Lamar
55%
One Direction
51%
The Beatles
51%
Avicii
43%
Katy Perry
42%
Arctic Monkeys
40%
Elton John
34%
Whitney Houston
30%
Backstreet Boys
17%
Demi Lovato
17%
KISS
13%
Amy Winehouse
11%
Bee Gees
11%
Bob Marley
11%
TLC
4%
No matching quizzes found
Score Distribution
Percent of People with Each Score
Percentile by Number Answered
Your Score History
You have not taken this quiz